| 000 | 00424nam a2200145 a 4500 | ||
|---|---|---|---|
| 001 | 000046056 | ||
| 005 | 20201002052617.0 | ||
| 008 | 150616s2000 dr ac 000 0 spa d | ||
| 040 |
_aDO-SdBNP _bspa _cBNPHU |
||
| 082 |
_axxxx _bxxxx |
||
| 245 | 0 | 0 | _aGuia moderna de medicina natural II. |
| 260 |
_aSanto Domingo : _bLa Verdad Presente, _c2000. |
||
| 300 |
_av. : _bil., retrs. ; _c21 cm. |
||
| 500 | _aLa biblioteca posee el v. 2 | ||
| 999 |
_c45545 _d45545 |
||